000 00629nam a2200217Ii 4500
003 JO-AjNU
008 230606s9999||||xx |||||||||||||| ||und||
020 _a978-0-07-222680-5
040 _aJO-AjNU
_beng
_erda
_cJO-AjNU
041 _aeng
050 1 4 _aQA76.73.C15.S33.2003
100 3 _aSchildt,Herbert,
_eauthor
_9509
245 0 0 _ac++ The Complete Reference
250 _a4 ed
264 3 1 _aMCGRAW-HILL HIGHER EducaTION:London.2003
300 _a1022p
336 _atext
_btxt
_2rdacontent
337 _aunmediated
_bn
_2rdamedia
338 _avolume
_bnc
_2rdacarrier
650 4 _a C++ (Computer program language) 
_9510
999 _aE271
_c271
_d271